000 01074cab a2200325 4500
001 ABS48884
008 090401t1993 xxu||||| |||| 00| 0 eng d
035 _a(Sirsi) u68982
041 _aeng
100 _aWyatt, P.
245 _aWorking towards National Land Information System for Britain
260 _c1993
350 _a0
490 _aIRRV Journal
_v(1993) IRRV 134-135(2)
520 _aAn outline of research at University of Brighton on the use of a national land information system in the field of valuation. Explains the difficulties in providing comprehensive data on property transactions.
650 _aCOMPARABLES
650 _aCONFIDENTIALITY
650 _aDOMESDAY 2000
650 _aGIS
650 _aNATIONAL LAND INFORMATION SERVICE
650 _aPROPERTY DATA
650 _aPROPERTY INFORMATION
650 _aPROPERTY TRANSACTIONS
650 _aPROPERTY VALUES
650 _aRESEARCH
690 _aMANAGEMENT-BUSINESS MANAGEMENT-INFORMATION MANAGEMENT
690 _aRATING AND VALUATION
942 _n0
948 _c04/03/1997
999 _c43320
_d43320